000 00629nas a2200229 4500
001 BR9208825
003 BR-BrBNA
005 20231205093154.0
007 ta
008 230509b bl.|||p| |||| 00| 00por d
040 _aBR-BrBNA
_bpor
_cBiblioteca Nacional de Agricultura
041 _a(Pt)
072 _aQ02
100 1 _aAnon.
245 1 _aSorvetes artesanais: que venha o verao
650 _aTECNOLOGIA DE ALIMENTO
650 _aSORVETE
650 _aCONSUMO
773 0 _tAlimentos e Tecnologia (Brazil)
_x
_g(1988), v. 3(21) p. 28-33
_wBR9208825
909 _a202311
_bLúcia
_c55
_dLúcia Elande
942 _2AGRIS
_n0
_cANA
999 _c136619
_d136619